| 000 | 00859nam a2200217 i 4500 | ||
|---|---|---|---|
| 001 | 50151 | ||
| 003 | ES-MaACL | ||
| 005 | 20250810185055.0 | ||
| 007 | t| | ||
| 008 | 030731s1940 sp ||||1| spa d | ||
| 245 | 0 | 0 |
_aCrónica de D. Alvaro de Luna, Condestable de Castilla, Maestre de Santiago / _cedición y estudio por Juan de Mata Carriazo. |
| 260 |
_aMadrid : _bEspasa-Calpe, _c1940. |
||
| 300 |
_aLXIV, 484 p., 9 lám. ; _c26 cm. |
||
| 490 | 1 |
_aColección de crónicas españolas dirigidas por J.M.C. ; _v2 |
|
| 600 | 1 | 4 |
_aLuna, Álvaro de, _dca. 1381-1453 _974750 |
| 651 | 4 |
_aCastilla (Reino)- _xHistoria- _y1406-1454, Juan II _97995 |
|
| 700 | 1 |
_aCarriazo y Arroquia, Juan de Mata. _935736 |
|
| 830 | 0 |
_aColección de crónicas españolas dirigidas por J.M.C. ; _v2 _9230122 |
|
| 852 |
_aES-MaACL _jF-1726 |
||
| 999 |
_c50151 _d50151 |
||